|
|
|
|
| LEADER |
01269nam a2200325 i 4500 |
| 001 |
39246 |
| 003 |
BD-DhAAL |
| 008 |
220726r19751955nyu b 001 0 eng d |
| 999 |
|
|
|c 44515
|d 44515
|
| 010 |
|
|
|a 75014364
|
| 020 |
|
|
|a 0387901256
|
| 020 |
|
|
|a 9780387901251
|
| 040 |
|
|
|a DLC
|c DLC
|d DLC
|d BD-DhAAL
|
| 050 |
0 |
0 |
|a QA611
|b .K4 1975
|
| 082 |
0 |
0 |
|a 514.3
|
| 100 |
1 |
|
|a Kelley, John L.
|9 50254
|
| 245 |
1 |
0 |
|a General topology /
|c John L. Kelley.
|
| 260 |
|
|
|a New York :
|b Springer-Verlag,
|c c1955 [reprinted 1975].
|
| 300 |
|
|
|a xiv, 298 pages ;
|c 24 cm.
|
| 440 |
|
0 |
|a Graduate texts in mathematics ;
|v 27
|9 50255
|
| 500 |
|
|
|a Reprint of the ed. published by Van Nostrand, New York in The University series in higher mathematics.
|
| 504 |
|
|
|a Includes bibliographical references (pages 282-291) and index.
|
| 526 |
|
|
|a MNS
|
| 541 |
|
|
|a Development Book Agency
|e 39246
|
| 650 |
|
0 |
|a Topology.
|9 50256
|
| 650 |
|
0 |
|a Mathematics.
|9 50257
|
| 830 |
|
|
|a Graduate texts in mathematics ; 27
|9 50258
|
| 852 |
|
|
|a Ayesha Abed Library
|c General Stacks
|
| 942 |
|
|
|2 ddc
|c BK
|
| 952 |
|
|
|0 0
|1 0
|2 ddc
|4 0
|6 514_300000000000000_KEL
|7 0
|9 71197
|a BRACUL
|b BRACUL
|c GEN
|d 2022-07-06
|e Development Book Agency
|g 2765.00
|l 2
|m 25
|o 514.3 KEL
|p 3010039246
|r 2023-06-21
|s 2022-12-14
|t 1
|v 2765.00
|w 2022-07-06
|y BK
|